Osoby zmarłe w 2019 - Statystyki

Ogólne statystyki
  • Ten quiz został rozwiązany 120 razy
  • Średni wynik to 3 z 10
Statystyki odpowiedzi
Opis Osoba % Poprawnych
Były Prezydent Gdańska został zabity Paweł Adamowicz
89%
Ojciec Mateusza Morawickiego i polityk Kornel Morawiecki
51%
to jeden z najlepszych kierowców w historii Formuły 1. Był trzykrotnym mistrzem świata – w latach 1975, 1977 i 1984. Niki Lauda
42%
Prezes Rady Ministrów w latach 1991–1992 Jan Olszewski
38%
Znany Amerykański Raper zginął w wieku zaledwie 21 lat. Juice WRLD
23%
Premier Francji w latach 1974–1976 i 1986–1988 oraz prezydent w latach 1995-2007 Jacques Chirac
22%
Amerykański aktor filmów dla Dzieci, tancerz zmarł w wieku 20 lat. Cameron Boyce
16%
Bramkarz Reprezentacji Anglii podczas MŚ w Piłce Nożnej w 66 roku które wygrali. Gordon Banks
15%
Pierwszy Polski Sędzia wyznaczony do prowadzenia meczu na MŚ w piłce nożnej Alojzy Jarguz
5%
Osoba która przetłumaczyła "Harrego Pottera" na język Polski Andrzej Polkowski
4%
Nie znaleziono quizów pasujących do podanych kryteriów
Rozkład punktacji
Procent ludzi z każdym wynikiem
Percentyl według liczby udzielonych odpowiedzi
Twoja historia wyników
Nie rozwiązałeś tego quizu